Дядо Коледа и седемте разбойници (Запис номер 173686)
[ съкратено ]
| 000 -Лидер | |
|---|---|
| Контролно поле с фиксирана дължина | 01709nam a2200361 c 4500 |
| 003 - Код на организацията, давaща контролен номер | |
| Контролно поле | BLK |
| 005 - Дата и час на последна редакция | |
| Контролно поле | 20250221110648.0 |
| 008 - Елементи от данни с фиксирана дължина | |
| fixed length control field | 180411b bul|||||r ||||||| ||bul|| |
| 010 ## - Наследен системен номер | |
| LC control number | KNG00182102000 |
| 020 ## - Международен стандартен номер на книга ISBN | |
| Международен стандартен номер на книга ISBN | 978-954-28-1632-4 |
| -- | издат.: Сиела |
| 040 ## - Източник на каталожния запис | |
| Идентификатор на билиотеката - собственик на записа | BLK |
| 041 ## - Код за език | |
| Код за езика на текст/звукозапис или на отделно заглавие | Български |
| Код за езика КДБФ | Български |
| 080 ## - УДК | |
| Текстов определител УДК | Българска литература |
| УДК код - определител по УДК | 821.163.2 |
| УДК определител | -31 |
| УДК - код + определител | 821.163.2-31 |
| 100 ## - Редна дума - Автор | |
| Автор | Братя Мормареви |
| Пълна форма на името | Колективен псевдоним на Йомтов, Мориц Алберт и Стойчев, Марко Кънчев |
| R(LIN) | 366802 |
| 139 ## - Редно поле | |
| Редна дума | Братя Мормареви |
| Авторски знак | Брат - Б 78 |
| 245 10 - Сведения за заглавието | |
| Заглавие | Дядо Коледа и седемте разбойници |
| Подзаглавни данни | Четиво за вярващи и невярващи |
| Редно поле (дума) | * Марко Кънчев Стойчев; Братя Мормареви; худож. Радостина Пенева. |
| 250 ## - Област на изданието | |
| Сведения за изданието | 2. изд. |
| 257 ## - Страна на издаване | |
| Страна на създаване/издаване | България |
| 260 ## - Област на издателските данни | |
| -- | София |
| Име на издателя, разпространителя и проч. | Сиела |
| Година на издаване | 2014 |
| 300 ## - Физическа характеристика | |
| Страници | 294 с. |
| Размери/Мащаб | 21 см |
| 380 ## - Жанр | |
| Жанр | Худож. лит. |
| 500 ## - Общи забележки | |
| Забележка | 1. изд. 2001 на изд. Метрополис. - Братя Мормареви - общ псевд. на Марко Стойчев и Мориц Йомтов ; Авт. на кн. Марко Стойчев. - Офс. изд. |
| 653 ## - Ключова дума – ненормативна | |
| Ключова дума | романи |
| 659 ## - Тематичен бюлетин | |
| Тематичен бюлетин | Н |
| 700 ## - Други автори (авторска отговорност) | |
| Лично име | Стойчев, Марко Кънчев |
| Дати, свързани с автора | 1931 - 2006 |
| 9 (RLIN) | 248879 |
| 700 ## - Други автори (авторска отговорност) | |
| Лично име | Пенева, Радостина Руменова |
| Дати, свързани с автора | 1971 - |
| 9 (RLIN) | 396210 |
| 852 ## - Местоположение | |
| Форматна сигнатура | Цб 276888 |
| 856 4# - Електронен адрес и достъп | |
| Електронен формат | pdf - файл |
| Път до файла /url/ | |
| 856 4# - Електронен адрес и достъп | |
| Електронен формат | pdf - файл |
| Път до файла /url/ | |
| 942 ## - АРТИКУЛИ | |
| Вид на библиотечния материал | Книги |
| Скрит в OPAC | Не |
| Koha issues (borrowed), all copies | 13 |
| 944 ## - СЪЗДАВАНЕ И РЕДАКЦИЯ на ЗАПИСА | |
| Създаване/Редакция | Създаване |
| Дата на регистрацията/редакция | 17.09.2015 |
| Статус, дата на статуса | Цветелина Шанова |
| Служител, извършил регистрацията/редакцията | 30531 |
| 944 ## - СЪЗДАВАНЕ И РЕДАКЦИЯ на ЗАПИСА | |
| Създаване/Редакция | Редакция |
| Дата на регистрацията/редакция | 12.04.2017 |
| Статус, дата на статуса | ф / |
| Служител, извършил регистрацията/редакцията | Людмила_Стоянова |
| 999 ## - СИСТЕМНИ КОНТРОЛНИ НОМЕРА | |
| Koha biblionumber | 173686 |
| Koha biblioitemnumber | 173686 |
| Код за отписване | Код за изгубен артикул | Код за повреда | Коз за рестрикции | Код за отдаване | Артикулен № | Име на библиотеката - собственик | Име на библиотеката, в която се намира в момента | Статус (Текущо местоположение) | Дата на вписване в системата | Местоположение - отдел | Цена в лева | Инвентарен номер | Систематично азбучна сигнатура | Баркод | Номер на екземпляра | Цена в евро | Служебна бележка | Служебен тип на артикула |
|---|---|---|---|---|---|---|---|---|---|---|---|---|---|---|---|---|---|---|
| Не е изгубен | Не е повреден | без рестрикции | ползва се в читалня | 297163 | Регионална библиотека "Любен Каравелов" Русе | Регионална библиотека "Любен Каравелов" Русе | Хранилище | 2015-09-17 | Хранилище | 10.00 | 120000792733 | Цб 276888 | 120000792733 | 1 | 5.11 | Дост: Dp Вид: Д N: 27 Дата: 18.06.2015 | Книги | |
| Не е изгубен | Не е повреден | без рестрикции | заемане за дома | 297164 | Регионална библиотека "Любен Каравелов" Русе | Регионална библиотека "Любен Каравелов" Русе | Заемна - подръчен фонд | 2016-03-15 | Заемна - подръчен фонд | 5.00 | 120000798935 | П 886.7-31/Б 78 | 120000798935 | 2 | 2.56 | Дост: Pk Вид: Ф N: 1326 Дата: 03.03.2016 Дата инв: 27.02.2018 Бележки инв: П2018 | Книги |